Pictures of Tornadoes - Statistics

General Stats
  • This quiz has been taken 61 times
  • The average score is 7 of 20
Answer Stats
Picture Hint Answer % Correct
May 31, 2013 El Reno
96%
May 27, 1997 Jarrell
83%
May 20, 2013 Moore
72%
April 3, 1974 Xenia
70%
March 18, 1925 Tri-State
63%
May 4, 2007 Greensburg
61%
May 3, 1999 Bridge Creek-Moore
54%
May 24, 2011 El Reno-Piedmont
39%
June 8, 1966 Topeka
35%
July 31, 1987 Edmonton
30%
April 27, 2011 Hackleburg-Phil Campbell
28%
July 21, 1993 Last Chance
26%
April 27, 2011 Tuscaloosa-Birmingham
17%
November 15, 1989 Huntsville
7%
April 10, 2009 Murfreesboro
7%
August 5, 2024 Buffalo
4%
February 7, 2017 New Orleans
4%
October 9, 2024 Fort Myers
2%
June 22, 2024 Janesville
2%
April 3, 1974 Louisville
2%
No matching quizzes found
Score Distribution
Percent of People with Each Score
Percentile by Number Answered
Your Score History
You have not taken this quiz